Statistieken voor Belgie of Nederland meerkeuze vragen

Klik hier om de quiz te nemen!

Algemene statistieken

  • Deze quiz is 75 keer genomen
  • De gemiddelde score is 6 van 7

Antwoordstatistieken

VraagAntwoord% Correct
Tot welk land behoorde CongoBelgie
94%
Welk land is het grootstNederland
93%
Welk land heeft al de meest eurovisie song festivals gewonnenNederland
90%
Welk land ligt het meest westelijkBelgie
87%
Welk land heeft de meeste bergenBelgie
87%
Welk land heeft de meeste bevolkingsdichtheidNederland
58%
Welk land is het dichtst bij TjechieBelgie
55%

Scoreverdeling

Percentiel versus Aantal Correcte Antwoorden

Procent van Mensen met Elke Score

Uw Scoregeschiedenis

U heeft deze quiz nog niet genomen